| 000 | 01050nas a2200313.c 4500 | ||
|---|---|---|---|
| 001 | 53645 | ||
| 003 | ES-MaCES | ||
| 005 | 20250409140420.0 | ||
| 007 | cr ||||||||||| | ||
| 008 | 250402c1946 fr qr|p||t||| 0|||||fre d | ||
| 022 | _a0395-2649 | ||
| 022 | _a1953-8146 (ISSNe) | ||
| 040 |
_aES-MaCES _bspa _cES-MaCES |
||
| 245 | 0 | 0 |
_aAnnales _b: Histoire, Sciences sociales _hRecurso electrónico |
| 260 |
_aParis _bArmand Colin _c1946- |
||
| 300 | _a v. | ||
| 310 |
_aTrimestal _b2011- |
||
| 321 |
_aTrimestral _b1946-1959 |
||
| 321 |
_aBimestral _b1960-2010 |
||
| 362 | _a1ère année, n. 1 (1946)- | ||
| 541 | _cGratuito | ||
| 580 | _aTítulo anterior: Annales d'histoire sociale (1945) | ||
| 650 | 4 |
_927257 _asociología |
|
| 650 | 4 |
_927251 _ahistoria |
|
| 653 | 1 | 0 | _aCiencias Sociales-Políticas |
| 856 | 4 | 1 |
_uhttps://www.cambridge.org/core/journals/annales-histoire-sciences-sociales/all-issues _ytexto completo desde vol. 1, n. 1 (1946), carencia de 4 años _zAcceso desde la IP del CES |
| 942 |
_2CES _cCR _h7.0. |
||
| 999 |
_c53645 _d53645 |
||